| 000 | 00905cam a2200301 i 4500 | ||
|---|---|---|---|
| 651 | 0 |
_aŞanlıurfa İli (Türkiye) _xTarih _988757 |
|
| 651 | 0 |
_aŞanlıurfa İli (Turkey) _xHistory _918804 |
|
| 999 |
_c200429535 _d47459 |
||
| 001 | 200429535 | ||
| 003 | TR-AnTOB | ||
| 005 | 20240917090632.0 | ||
| 007 | ta | ||
| 008 | 111130s2010 tu 000 0 d | ||
| 020 | _a9786054292530 | ||
| 040 |
_aTR-AnTOB _beng _erda _cTR-AnTOB _dTR-AnTOB |
||
| 041 | 0 | _atur | |
| 050 | 0 | 0 |
_aDS156.E2 _bA43 2010 |
| 090 |
_aDS156.E2 _bA43 2010 |
||
| 100 |
_aAlbayrak, Yusuf _eauthor _9119872 |
||
| 245 | 1 | 0 |
_aAntik dönemde Edessa (Urfa) / _cDr. Yusuf Albayrak. |
| 264 | 1 |
_aAnkara : _bTiydem Yayıncılık, _c2010. |
|
| 300 |
_a112 pages ; _c19 cm. |
||
| 336 |
_atext _2rdacontent |
||
| 337 |
_aunmediated _2rdamedia |
||
| 338 |
_avolume _2rdacarrier |
||
| 590 | _aDonated by Levent Kuşoğlu | ||
| 942 |
_2lcc _cBK |
||